000 00722cam a2200241 i 4500
001 4598622
003 OSt
005 20170224121102.0
008 760802s1976 dcu b 000 0 eng
010 _a 76028492
020 _a0810607069.
_a0810607050
040 _aDLC
_cDLC
_dDLC
050 0 0 _aLC283
_b.V33 1976
082 0 0 _a370.11/4
245 0 0 _aValues, concepts, and techniques.
260 _aWashington :
_bNational Education Association,
_cc1976.
300 _a312 p. ;
_c23 cm.
504 _aIncludes bibliographical references.
650 0 _aMoral education.
710 2 _aNational Education Association of the United States.
906 _a7
_bcbc
_corignew
_d1
_eocip
_f19
_gy-gencatlg
942 _2lcc
_cBK
999 _c255696
_d255695